|
|
|
|
| LEADER |
00000nam0a2200000 4500 |
| 001 |
227292 |
| 005 |
20231101230805.0 |
| 010 |
|
|
|a 9785955802725
|
| 010 |
|
|
|a 978-5-16-006057-6
|
| 035 |
|
|
|a (RuTPU)RU\TPU\book\247708
|
| 090 |
|
|
|a 227292
|
| 100 |
|
|
|a 20121204d2013 m y0rusy50 ca
|
| 101 |
0 |
|
|a rus
|
| 102 |
|
|
|a RU
|
| 105 |
|
|
|a a j 001zy
|
| 200 |
1 |
|
|a Налоги и налогообложение в Российской Федерации
|e учебное пособие для вузов
|f А. З. Дадашев
|
| 210 |
|
|
|a Москва
|c Инфра-М
|c Вузовский учебник
|d 2013
|
| 215 |
|
|
|a 240 с.
|c ил.
|
| 225 |
1 |
|
|a Вузовский учебник
|
| 320 |
|
|
|a Библиогр.: с. 238.
|
| 320 |
|
|
|a Глоссарий: с. 234-237.
|
| 330 |
|
|
|a Рассматриваются возникновение налогов и их теоретические основы, сущность и функциональный потенциал налогов. Раскрывается становление налоговой системы в РФ и механизм ее функционирования. Приводится полная характеристика участников налоговых отношений. Излагаются основы действующей системы налогообложения: элементы каждого налога, характеристики специальных налоговых режимов. Показано значение налогов и сборов как источников формирования доходов бюджетной системы.Предназначено для студентов обучающихся по специальностям «Налоги и налогообложение», «Финансы и кредит», «Бухгалтерский учет, анализ и аудит».
|
| 606 |
1 |
|
|a Налоги
|2 stltpush
|3 (RuTPU)RU\TPU\subj\36467
|9 57834
|
| 610 |
1 |
|
|a налогообложение
|
| 610 |
1 |
|
|a налоговая система
|
| 610 |
1 |
|
|a теория
|
| 610 |
1 |
|
|a функции
|
| 610 |
1 |
|
|a классификация
|
| 610 |
1 |
|
|a налоговое администрирование
|
| 610 |
1 |
|
|a налоговые отношения
|
| 610 |
1 |
|
|a налоговые обязанности
|
| 610 |
1 |
|
|a сборы
|
| 610 |
1 |
|
|a федеральные налоги
|
| 610 |
1 |
|
|a налог на добавленную стоимость
|
| 610 |
1 |
|
|a налог на доходы физических лиц
|
| 610 |
1 |
|
|a налог на имущество организаций
|
| 610 |
1 |
|
|a налог на добычу полезных ископаемых
|
| 610 |
1 |
|
|a акцизы
|
| 610 |
1 |
|
|a государственная пошлина
|
| 610 |
1 |
|
|a водный налог
|
| 610 |
1 |
|
|a региональные налоги
|
| 610 |
1 |
|
|a налог на имущество организаций
|
| 610 |
1 |
|
|a налог на игорный бизнес
|
| 610 |
1 |
|
|a транспортный налог
|
| 610 |
1 |
|
|a местные налоги
|
| 610 |
1 |
|
|a земельный налог
|
| 610 |
1 |
|
|a налог на имущество физических лиц
|
| 610 |
1 |
|
|a налоговые режимы
|
| 610 |
1 |
|
|a специальные налоговые режимы
|
| 610 |
1 |
|
|a единый налог на вмененный доход
|
| 610 |
1 |
|
|a упрощенное налогообложение
|
| 610 |
1 |
|
|a упрощенная система
|
| 610 |
1 |
|
|a патентная система налогообложения
|
| 610 |
1 |
|
|a единый сельскохозяйственный налог
|
| 610 |
1 |
|
|a соглашение о разделе продукции
|
| 610 |
1 |
|
|a учебные пособия
|
| 686 |
|
|
|a У9(2)261.4я73
|v LBC/SL-A
|2 rubbk
|
| 700 |
|
1 |
|a Дадашев
|b А. З.
|g Алихан Заграбович
|
| 801 |
|
1 |
|a RU
|b 63413507
|c 20121204
|
| 801 |
|
2 |
|a RU
|b 63413507
|c 20150619
|g RCR
|
| 900 |
|
|
|a Налоги и налогообложение
|
| 942 |
|
|
|c BK
|
| 955 |
|
|
|l 8
|
| 959 |
|
|
|a 149/20121107
|d 2
|e 199,90
|f ЧЗГЛ:1
|f АНЛ:1
|